00628nam a22001817a 450000500170000001000130001702000240003003500130005403700210006708200080008810000220009624501370011826000460025527000450030130000260034650000490037270000250042120210701142414.0 aB-740481 a8176293059c1550.00 aB-740481 bK.K. Publication a921 aNaoroji, Dadabhai aGreat Indian economists:btheir creative vision for socio-economic development /cby Dadabhai Naoroji ; edited by Debendra Kumar Das aNew DelhibDeep & Deep Publicationsc2004 aF-159, Rajouri GardenbNew Delhie110027 axlii, 361p.c25cm(Hb) ainclude bibliographical references and index aDas, Debendra Kumar